Oxtiern o las desdichas del libertinaje ; (Record no. 136440)

MARC details
000 -LEADER
campo de control de longitud fija 00857nam a2200241 4500
001 - NÚMERO DE CONTROL
campo de control 136440
003 - IDENTIFICADOR DE NÚMERO DE CONTROL
campo de control ES-MaACL
005 - FECHA Y HORA DE LA ÚLTIMA TRANSACCIÓN
campo de control 20250824065259.0
007 - CAMPO FIJO DE DESCRIPCIÓN FÍSICA--INFORMACIÓN GENERAL
campo de control de longitud fija t|
008 - DATOS DE LONGITUD FIJA--INFORMACIÓN GENERAL
campo de control de longitud fija 070214s1970 sp r ||||1| spa d
100 1# - ENTRADA PRINCIPAL--NOMBRE DE PERSONA
Nombre de persona Sade,
Títulos y otros términos asociados al nombre marquis de,
Fechas asociadas al nombre 1740-1814
9 (RLIN) 101276
245 10 - MENCIÓN DEL TÍTULO
Título Oxtiern o las desdichas del libertinaje ;
Resto del título El filósofo en su opinión /
Mención de responsabilidad, etc. Marquis de Sade ; traducción de Jacqueline y R. Conte.
260 ## - PUBLICACIÓN, DISTRIBUCIÓN, ETC.
Lugar de publicación, distribución, etc. Madrid :
Nombre del editor, distribuidor, etc. Cuadernos para el Diálogo,
Fecha de publicación, distribución, etc. 1970.
300 ## - DESCRIPCIÓN FÍSICA
Extensión 145 p. ;
Dimensiones 18 cm.
490 1# - MENCIÓN DE SERIE
Mención de serie Libros de teatro ;
Designación de volumen o secuencia 25
700 1# - ENTRADA AGREGADA--NOMBRE PERSONAL
Nombre de persona Conte, Jacqueline.
9 (RLIN) 40266
700 1# - ENTRADA AGREGADA--NOMBRE PERSONAL
Nombre de persona Conte, Rafael.
9 (RLIN) 40270
710 2# - ENTRADA AGREGADA--NOMBRE DE ENTIDAD CORPORATIVA
Nombre de entidad corporativa o nombre de jurisdicción como elemento de entrada Cuadernos para el Diálogo.
9 (RLIN) 3333
740 32 - ENTRADA AGREGADA--TÍTULO RELACIONADO/ANALÍTICO NO CONTROLADO
Título relacionado o analítico no controlado El filósofo en su opinión.
830 10 - PUNTO DE ACCESO ADICIONAL DE SERIE-TÍTULO UNIFORME
Título uniforme Libros de teatro (Cuadernos para el Diálogo)
Designación de volumen o secuencia 25
9 (RLIN) 180757
852 ## - LOCALIZACIÓN
Ubicación ES-MaACL
Número de control de estantería C-45901
Holdings
Estatus retirado Estado de pérdida Estado de daño No para préstamo Biblioteca de origen Biblioteca actual Ubicación en estantería Fecha de adquisición Fuente de adquisición Total de préstamos Signatura topográfica completa Código de barras Visto por última vez Precio de reemplazo Tipo de ítem Koha
        Biblioteca del Ateneo de Madrid Biblioteca del Ateneo de Madrid Depósito 2 17/01/2008     C-45901 1141999 23/02/2023 23/02/2023 Libro impreso